Norma de Desarrollo Profesional Continuo

Detalles Bibliográficos
Formato: Libro
Lenguaje:español
Publicado: Mx̌ico Instituto Mexicano de Contadores Pb︢licos 2015
Materias:
Acceso en línea:Acceso restringido

MARC

LEADER 00000nam a22000007a 4500
005 20160223160356.0
007 cr|||| ||u|
008 160223s2015 mx ||||| |||| 00|| spa d
020 |a 978-607-8384-39-6 
035 |a 13094 
040 |a vLex 
090 |c 5908  |d 5908 
245 1 0 |a Norma de Desarrollo Profesional Continuo  |h [Recurso electrn̤ico] /  |c Comisin̤ de Desarrollo Profesional Continuo  
256 |a Servicio en ln̕ea  
260 |a Mx̌ico  |b Instituto Mexicano de Contadores Pb︢licos  |c 2015 
300 |a 1 recurso electrn̤ico  
500 |a La Norma de Desarrollo Profesional Continuo nace de las modificaciones realizadas a los Estatutos del Instituto Mexicano de Contadores Pb︢licos (IMCP) en atencin̤ a las tendencias de normatividad internacional 
506 1 |a Contenido solo disponible en los productos indicados  |d vLex Global  |d vLex Global (Academic Edition, excluding Law Schools)  |d vLex Global (Academic Edition, excluding Law Schools)  |d vLex Global (U.S. Academic Edition, excluding Law Schools)  |d vLex Global (Academic Edition, Law Schools) 
650 0 4 |a Derecho  |z Mx̌ico 
740 0 |a vLex libros (servicio en ln̕ea)  
856 4 0 |u http://vlex.com/source/norma-de-desarrollo-profesional-continuo-13094  |z Acceso restringido  
942 |c BOOK 
999 0 |a Law